| 000 | 00907nam a2200241Ii 4500 | ||
|---|---|---|---|
| 003 | JO-AjNU | ||
| 008 | 230605s9999||||xx |||||||||||||| ||und|| | ||
| 017 | _a2007/2/433 | ||
| 020 | _a978-9957-02-268-6 | ||
| 040 |
_aJO-AjNU _bara _erda _cJO-AjNU |
||
| 041 | _aara | ||
| 050 | 1 | 4 | _aLB1032.H37 2007 |
| 100 | 3 |
_aحسنين،حسين محمد, _eauthor _922090 |
|
| 245 | 0 | 0 | _aالتدريس بإستخدام طريقة المشروع:الرزمة التدريبية للمعلمين في الوطن العربي 10 |
| 250 | _aط1 | ||
| 264 | 3 | 1 | _aعمان:دار مجدلاوي،2007 |
| 300 |
_a127ص _bمصور |
||
| 336 |
_atext _btxt _2rdacontent |
||
| 337 |
_aunmediated _bn _2rdamedia |
||
| 338 |
_avolume _bnc _2rdacarrier |
||
| 490 | 0 | _aالرزمة التدريبية للمعلمين في الوطن العربي 10 | |
| 650 | 4 |
_aطرق التدريس-التعليم التعاوني _922091 |
|
| 999 |
_aA7785 _c11353 _d11353 |
||